[Event "Mexican op 70th"]
[Site "Mexico City"]
[Date "2025.04.18"]
[Round "7"]
[White "Jimenez Garcia, Emanuel"]
[Black "Benitez Lozano, Javier"]
[Result "1-0"]
[WhiteElo "2371"]
[BlackElo "2245"]
[PlyCount "95"]
[EventDate "2025.04.14"]
[EventType "swiss"]
[EventRounds "9"]
[EventCountry "MEX"]
[SourceTitle "CB17_2025"]
[SourceDate "2025.04.23"]
[SourceVersion "1"]
[SourceVersionDate "2025.04.23"]
[SourceQuality "1"]

1. d4 Nf6 2. Nf3 d5 3. c3 c5 4. dxc5 e6 5. Be3 a5 6. c4 Nbd7 7. Nc3 Ng4 8. Bg5 f6 9. Bh4 dxc4 10. Qd4 Nde5 11. Qxd8+ Kxd8 12. 0-0-0+ Bd7 13. h3 Nxf3 14. gxf3 Nh6 15. c6 bxc6 16. e4 Kc7 17. f4 Nf7 18. Bxc4 Bc5 19. Na4 Ba7 20. Rhg1 Rhg8 21. f5 Rae8 22. Bb3 Bc8 23. Rg2 Ng5 24. Bxg5 fxg5 25. Rxg5 Bxf2 26. Kc2 Re7 27. f6 Bh4 28. Rh5 Bxf6 29. e5 Ba6 30. exf6 gxf6 31. Rxa5 Bb7 32. Rh5 Ba6 33. Rd2 Rg3 34. Nc5 Bc8 35. Ne4 Rg6 36. Nd6 Bd7 37. Ra5 e5 38. Bc4 e4 39. Nf5 Bxf5 40. Rxf5 Rg3 41. h4 Rg4 42. Rh2 e3 43. Bd3 Re6 44. h5 h6 45. Kc3 Rg1 46. Re2 Rc1+ 47. Bc2 Rh1 48. b4 1-0

[Event "Mexican op 70th"]
[Site "Mexico City"]
[Date "2025.04.17"]
[Round "5"]
[White "Jimenez Garcia, Emanuel"]
[Black "Vega Castaneda, Ulises Antonio"]
[Result "1-0"]
[WhiteElo "2371"]
[BlackElo "1941"]
[PlyCount "43"]
[EventDate "2025.04.14"]
[EventType "swiss"]
[EventRounds "9"]
[EventCountry "MEX"]
[SourceTitle "CB17_2025"]
[SourceDate "2025.04.23"]
[SourceVersion "1"]
[SourceVersionDate "2025.04.23"]
[SourceQuality "1"]

1. d4 d5 2. Nf3 Nc6 3. c4 Bg4 4. Bg5 Qd7 5. Nc3 e6 6. e3 Be7 7. cxd5 exd5 8. Bf4 Nf6 9. h3 Bxf3 10. gxf3 a6 11. h4 Nh5 12. Bh3 Qd8 13. Bh2 Bd6 14. Qb3 Nf6 15. Kf1 Bxh2 16. Qxb7 Na5 17. Qb4 c6 18. Rxh2 Qc7 19. Rg2 Rb8 20. Qc5 Rxb2 21. Rg5 Qh2 22. Re5+ 1-0

[Event "Mexican op 70th"]
[Site "Mexico City"]
[Date "2025.04.16"]
[Round "4"]
[White "Campos Jimenez, Augusto Cesar"]
[Black "Jimenez Garcia, Emanuel"]
[Result "1-0"]
[WhiteElo "2245"]
[BlackElo "2371"]
[PlyCount "67"]
[EventDate "2025.04.14"]
[EventType "swiss"]
[EventRounds "9"]
[EventCountry "MEX"]
[SourceTitle "CB17_2025"]
[SourceDate "2025.04.23"]
[SourceVersion "1"]
[SourceVersionDate "2025.04.23"]
[SourceQuality "1"]

1. e4 d6 2. d4 Nf6 3. Nc3 e5 4. dxe5 dxe5 5. Qxd8+ Kxd8 6. Nf3 Bd6 7. Be3 h6 8. 0-0-0 Ke7 9. Nd2 Be6 10. Nc4 Nbd7 11. f3 a6 12. a3 Rhc8 13. g4 b5 14. Na5 c6 15. h4 Bc5 16. Bxc5+ Nxc5 17. b4 Ncd7 18. Rh2 Nb6 19. g5 Nfd7 20. Rhd2 hxg5 21. hxg5 c5 22. Nd5+ Bxd5 23. exd5 cxb4 24. d6+ Kf8 25. axb4 Rc3 26. Bd3 g6 27. Be4 Rb8 28. Rh2 Kg7 29. Rdh1 Nf8 30. Nc6 Re8 31. Rh8 Re6 32. Ne7 f5 33. gxf6+ Rxf6 34. Nd5 1-0

[Event "Merida Torre Memorial 34th"]
[Site "Merida"]
[Date "2024.12.14"]
[Round "2"]
[White "Jimenez Garcia, Emanuel"]
[Black "Berdayes Ason, Dylan Isidro"]
[Result "1/2-1/2"]
[WhiteElo "2365"]
[BlackElo "2463"]
[PlyCount "43"]
[EventDate "2024.12.13"]
[EventType "swiss"]
[EventRounds "9"]
[EventCountry "MEX"]
[SourceTitle "CB52_2024"]
[SourceDate "2024.12.25"]
[SourceVersion "1"]
[SourceVersionDate "2024.12.25"]
[SourceQuality "1"]

1. Nf3 c5 2. b3 Nc6 3. Bb2 Nf6 4. c4 d5 5. cxd5 Nxd5 6. Nc3 e5 7. e3 Nxc3 8. dxc3 Qc7 9. Qc2 Be7 10. Bd3 Be6 11. 0-0 0-0-0 12. Rfd1 g6 13. Be4 f6 14. c4 Nb4 15. Qe2 Rxd1+ 16. Rxd1 Rd8 17. a3 Rxd1+ 18. Qxd1 Nc6 19. Bd5 Qd7 20. e4 Bf8 21. Bc3 Nd4 22. Bxd4 1/2-1/2

[Event "Mexico City Revolucion op"]
[Site "Mexico City"]
[Date "2024.11.17"]
[Round "8"]
[White "May Sanchez, Andres Elias"]
[Black "Jimenez Garcia, Emanuel"]
[Result "0-1"]
[WhiteElo "2142"]
[BlackElo "2363"]
[PlyCount "134"]
[EventDate "2024.11.13"]
[EventType "swiss"]
[EventRounds "9"]
[EventCountry "MEX"]
[SourceTitle "CB47_2024"]
[SourceDate "2024.11.20"]
[SourceVersion "1"]
[SourceVersionDate "2024.11.20"]
[SourceQuality "1"]

1. e4 c6 2. Nc3 d5 3. Nf3 g6 4. h3 Bg7 5. d4 dxe4 6. Nxe4 Nf6 7. Nxf6+ exf6 8. Bc4 0-0 9. 0-0 a5 10. a4 Na6 11. c3 Nc7 12. Re1 Nd5 13. Bf1 Be6 14. Nd2 Re8 15. Ne4 b6 16. Bd2 h6 17. Qf3 f5 18. Ng3 Qd7 19. Bc4 b5 20. axb5 cxb5 21. Be2 Nb6 22. Qd3 Bc4 23. Qc2 Rec8 24. Bxc4 Nxc4 25. b3 Nxd2 26. Qxd2 Qd5 27. Rab1 f4 28. Ne2 g5 29. Qd3 a4 30. bxa4 bxa4 31. Rb5 Qe6 32. Kf1 a3 33. Rbb1 a2 34. Ra1 Qb3 35. Rec1 Rcb8 36. Qd1 Qa3 37. Rc2 Rb2 38. Qd2 Rb1+ 39. Rc1 Qb3 40. Kg1 Rb2 41. Qd3 Re8 42. Re1 f3 43. Qxf3 Rbxe2 44. Rxe2 Qb1+ 45. Kh2 Rxe2 46. Rxb1 axb1Q 47. Qxe2 Qc1 48. Qe8+ Bf8 49. Qc6 Qd2 50. Qf3 Qf4+ 51. Qxf4 gxf4 52. g4 Ba3 53. c4 Kg7 54. Kg2 Bb2 55. d5 Kf6 56. Kf3 Bd4 57. Kxf4 Bxf2 58. d6 Ke6 59. g5 hxg5+ 60. Kxg5 Be3+ 61. Kg4 f5+ 62. Kf3 Bc5 63. Kf4 Bxd6+ 64. Kg5 Be7+ 65. Kf4 Bf8 66. h4 Bh6+ 67. Kf3 Ke5 0-1

[Event "Mexico City Revolucion op"]
[Site "Mexico City"]
[Date "2024.11.15"]
[Round "4"]
[White "Jimenez Garcia, Emanuel"]
[Black "Carrera Gonzalez, Enmanuel"]
[Result "1-0"]
[WhiteElo "2363"]
[BlackElo "2141"]
[PlyCount "125"]
[EventDate "2024.11.13"]
[EventType "swiss"]
[EventRounds "9"]
[EventCountry "MEX"]
[SourceTitle "CB47_2024"]
[SourceDate "2024.11.20"]
[SourceVersion "1"]
[SourceVersionDate "2024.11.20"]
[SourceQuality "1"]

1. Nf3 d5 2. g3 c5 3. c4 e6 4. cxd5 exd5 5. d4 Nf6 6. Bg2 Nc6 7. 0-0 Be7 8. dxc5 Bxc5 9. a3 a5 10. Bg5 0-0 11. Qc2 Be7 12. Rd1 Be6 13. Nc3 h6 14. Be3 Ng4 15. Bd4 Nxd4 16. Nxd4 Bc5 17. e3 Rc8 18. h3 Nf6 19. Rac1 Qe7 20. Qa4 Bb6 21. Qb5 Qd6 22. Nxe6 fxe6 23. Na4 Ba7 24. Rxc8 Rxc8 25. Qxb7 Rc7 26. Qb3 Qe5 27. Qd3 Rc4 28. Nc3 h5 29. Nb5 Bb6 30. b3 Rc8 31. Nd4 h4 32. Qa6 Qb8 33. g4 Kf7 34. Qd3 Bxd4 35. exd4 Qf4 36. b4 axb4 37. axb4 Rc4 38. b5 Rb4 39. Rb1 Rxd4 40. Qe3 Qxe3 41. fxe3 Rd2 42. b6 Nd7 43. b7 Nb8 44. e4 dxe4 45. Bxe4 Ke7 46. Rb5 Rd8 47. g5 Rd4 48. Bf3 Kd6 49. Kf2 Rd3 50. Rb4 e5 51. Rxh4 Rb3 52. Rh8 Nd7 53. Rg8 Rb2+ 54. Kg3 Rb3 55. Kg4 Rb4+ 56. Kh5 e4 57. Bxe4 Rxe4 58. b8Q+ Nxb8 59. Rxb8 Ke7 60. Kg6 Rh4 61. Rb7+ Kf8 62. Rf7+ Ke8 63. Rf3 1-0

[Event "Mexico City Revolucion op"]
[Site "Mexico City"]
[Date "2024.11.13"]
[Round "1"]
[White "Albano Jeremias, Bianca"]
[Black "Jimenez Garcia, Emanuel"]
[Result "0-1"]
[WhiteElo "1939"]
[BlackElo "2363"]
[PlyCount "92"]
[EventDate "2024.11.13"]
[EventType "swiss"]
[EventRounds "9"]
[EventCountry "MEX"]
[SourceTitle "CB47_2024"]
[SourceDate "2024.11.20"]
[SourceVersion "1"]
[SourceVersionDate "2024.11.20"]
[SourceQuality "1"]

1. e4 c6 2. d4 d5 3. e5 c5 4. Nf3 cxd4 5. Nxd4 e6 6. Nd2 Nc6 7. N2f3 Nge7 8. h4 Nxd4 9. Nxd4 Nc6 10. Nf3 f6 11. exf6 gxf6 12. Nh2 Qe7 13. Qh5+ Qf7 14. Be2 Qxh5 15. Bxh5+ Ke7 16. Bd2 e5 17. 0-0-0 Be6 18. Rhg1 Kd7 19. Kb1 Kc7 20. g4 Bc5 21. Rg2 h6 22. Bg6 Rag8 23. h5 Ne7 24. Bd3 f5 25. Be2 Nc6 26. Rdg1 f4 27. Nf3 Bd6 28. Nh4 e4 29. f3 Rh7 30. Ng6 Rf7 31. c3 d4 32. Be1 Bd5 33. c4 exf3 34. cxd5 fxg2 35. Bf3 Ne7 36. Nh4 Rg5 37. Rxg2 Nxd5 38. Nf5 Ne3 39. Nxd6 Kxd6 40. Bb4+ Ke5 41. Re2 b6 42. Be1 Rfg7 43. Bh4 Rxg4 44. Bxg4 Rxg4 45. Bf2 Ke4 46. Kc1 Rg2 0-1

[Event "Iberoamerican-ch 10th"]
[Site "Linares"]
[Date "2024.09.29"]
[Round "7"]
[White "Jimenez Garcia, Emanuel"]
[Black "Masague Artero, Guerau"]
[Result "1/2-1/2"]
[WhiteElo "2352"]
[BlackElo "2251"]
[PlyCount "43"]
[EventDate "2024.09.25"]
[EventType "swiss"]
[EventRounds "9"]
[EventCountry "ESP"]
[SourceTitle "EXT 2025"]
[Source "ChessBase"]
[SourceDate "2024.10.14"]
[SourceVersion "1"]
[SourceVersionDate "2024.10.14"]
[SourceQuality "1"]

1. Nf3 Nf6 2. c4 e6 3. b3 d5 4. Bb2 Be7 5. e3 0-0 6. Nc3 c5 7. cxd5 exd5 8. d4 Nc6 9. Be2 Ne4 10. 0-0 Bf6 11. Na4 Bg4 12. Rc1 cxd4 13. Nxd4 Bxd4 14. Bxg4 Bxb2 15. Nxb2 Qa5 16. Na4 Rad8 17. Qc2 Rfe8 18. Rfd1 d4 19. Bf3 Nb4 20. Qc7 Qxc7 21. Rxc7 b5 22. Bxe4 1/2-1/2

[Event "Iberoamerican-ch 10th"]
[Site "Linares"]
[Date "2024.09.27"]
[Round "5"]
[White "Jimenez Garcia, Emanuel"]
[Black "Fernandez Guillen, Ernesto J"]
[Result "1/2-1/2"]
[WhiteElo "2352"]
[BlackElo "2463"]
[PlyCount "103"]
[EventDate "2024.09.25"]
[EventType "swiss"]
[EventRounds "9"]
[EventCountry "ESP"]
[SourceTitle "EXT 2025"]
[Source "ChessBase"]
[SourceDate "2024.10.14"]
[SourceVersion "1"]
[SourceVersionDate "2024.10.14"]
[SourceQuality "1"]

1. d4 Nf6 2. Nf3 e6 3. Bg5 Be7 4. Nbd2 b6 5. e4 h6 6. Be3 Bb7 7. Bd3 d6 8. c4 Nbd7 9. h3 c5 10. d5 exd5 11. cxd5 0-0 12. 0-0 Re8 13. a4 a6 14. Re1 Bf8 15. Qb1 Ne5 16. Nxe5 dxe5 17. Rc1 Nd7 18. Be2 f5 19. exf5 Nf6 20. Ne4 Bxd5 21. Bf3 Bxe4 22. Bxe4 Nxe4 23. Qxe4 Ra7 24. Rd1 Qf6 25. g4 Rf7 26. Rd5 Qc6 27. Qc4 b5 28. axb5 axb5 29. Qb3 Rb8 30. Rxe5 Qf3 31. Qd5 Qxh3 32. Re4 Qf3 33. Bxc5 Rd8 34. Qxd8 Qxe4 35. Qd4 Qxd4 36. Bxd4 Rd7 37. Be3 Be7 38. Ra5 b4 39. f4 Rd1+ 40. Kf2 Rb1 41. Kf3 Rxb2 42. g5 hxg5 43. fxg5 Rb3 44. Ra8+ Kf7 45. Ke4 Rxe3+ 46. Kxe3 Bxg5+ 47. Ke4 Bd2 48. Rb8 Bc3 49. Rb6 Be1 50. Kd3 Bc3 51. Ke3 Be1 52. Ke4 1/2-1/2

[Event "Iberoamerican-ch 10th"]
[Site "Linares"]
[Date "2024.09.26"]
[Round "3"]
[White "Jimenez Garcia, Emanuel"]
[Black "Gomez Carreno, Martin"]
[Result "1-0"]
[WhiteElo "2352"]
[BlackElo "2124"]
[PlyCount "61"]
[EventDate "2024.09.25"]
[EventType "swiss"]
[EventRounds "9"]
[EventCountry "ESP"]
[SourceTitle "EXT 2025"]
[Source "ChessBase"]
[SourceDate "2024.10.14"]
[SourceVersion "1"]
[SourceVersionDate "2024.10.14"]
[SourceQuality "1"]

1. Nf3 Nf6 2. c4 c5 3. g3 g6 4. b3 Bg7 5. Bb2 Nc6 6. Bg2 d6 7. 0-0 0-0 8. d4 cxd4 9. Nxd4 Bd7 10. Qd2 Nxd4 11. Bxd4 Bc6 12. Nc3 Bxg2 13. Kxg2 Qd7 14. e4 Qc6 15. f3 Nd7 16. Nd5 Rfe8 17. Rfd1 Bxd4 18. Qxd4 a5 19. h4 a4 20. b4 Rac8 21. Rac1 h5 22. Rc3 Rcd8 23. Qa7 e6 24. Ne3 Nb6 25. Qa5 Ra8 26. Qg5 Kg7 27. g4 hxg4 28. Nxg4 Rh8 29. c5 dxc5 30. Qe5+ Kg8 31. Rxc5 1-0

[Event "Olympiad-45"]
[Site "Budapest"]
[Date "2024.09.18"]
[Round "7.3"]
[White "Jimenez Garcia, Emanuel"]
[Black "Jamal, Hamid Harmon Gulamo"]
[Result "1-0"]
[WhiteElo "2352"]
[BlackElo "1959"]
[PlyCount "75"]
[EventDate "2024.09.11"]
[EventType "team-swiss"]
[EventRounds "11"]
[EventCountry "HUN"]
[SourceTitle "EXT 2025"]
[Source "ChessBase"]
[SourceDate "2024.10.14"]
[SourceVersion "1"]
[SourceVersionDate "2024.10.14"]
[SourceQuality "1"]
[WhiteTeam "Costa Rica"]
[BlackTeam "Mozambique"]
[WhiteTeamCountry "CRI"]
[BlackTeamCountry "MOZ"]

1. d4 Nf6 2. c4 g6 3. f3 c5 4. d5 Bg7 5. e4 d6 6. Ne2 e6 7. Nec3 0-0 8. Be2 a6 9. a4 exd5 10. cxd5 Re8 11. 0-0 Nbd7 12. Na3 Ne5 13. f4 Ned7 14. Qc2 Rb8 15. Nc4 Nb6 16. Ne3 Nxe4 17. Nxe4 Bf5 18. Nxf5 gxf5 19. Ng3 Bd4+ 20. Kh1 Nxd5 21. Qxf5 Nf6 22. Bd3 d5 23. Nh5 Ne4 24. Bxe4 dxe4 25. Ra3 Re6 26. Rg3+ Kh8 27. Qxf7 Qe7 28. Qxe7 Rxe7 29. Be3 b5 30. axb5 Rxb5 31. b3 Reb7 32. Bxd4+ cxd4 33. Nf6 Rb8 34. Nxe4 Rxb3 35. Rxb3 Rxb3 36. f5 Re3 37. f6 Kg8 38. f7+ 1-0

[Event "Abu Dhabi op-A 30th"]
[Site "Abu Dhabi"]
[Date "2024.08.24"]
[Round "9"]
[White "Jimenez Garcia, Emanuel"]
[Black "Nayak, Rajesh"]
[Result "1/2-1/2"]
[WhiteElo "2364"]
[BlackElo "2285"]
[PlyCount "45"]
[EventDate "2024.08.15"]
[EventType "swiss"]
[EventRounds "9"]
[EventCountry "UAE"]
[SourceTitle "EXT 2025"]
[Source "ChessBase"]
[SourceDate "2024.10.14"]
[SourceVersion "1"]
[SourceVersionDate "2024.10.14"]
[SourceQuality "1"]

1. Nf3 Nf6 2. c4 c5 3. Nc3 Nc6 4. g3 d5 5. cxd5 Nxd5 6. Bg2 Nc7 7. d3 e5 8. Nd2 Bd7 9. a4 Be7 10. Nc4 0-0 11. 0-0 f6 12. a5 Kh8 13. f4 exf4 14. gxf4 f5 15. e4 Be6 16. exf5 Bxf5 17. a6 Nxa6 18. Bxc6 bxc6 19. Rxa6 Bxd3 20. Ra4 Bxf1 21. Qxd8 Raxd8 22. Kxf1 Bg5 23. Ne5 1/2-1/2

[Event "Abu Dhabi op-A 30th"]
[Site "Abu Dhabi"]
[Date "2024.08.23"]
[Round "8"]
[White "Davari, Sara"]
[Black "Jimenez Garcia, Emanuel"]
[Result "1/2-1/2"]
[WhiteElo "2226"]
[BlackElo "2364"]
[PlyCount "39"]
[EventDate "2024.08.15"]
[EventType "swiss"]
[EventRounds "9"]
[EventCountry "UAE"]
[SourceTitle "EXT 2025"]
[Source "ChessBase"]
[SourceDate "2024.10.14"]
[SourceVersion "1"]
[SourceVersionDate "2024.10.14"]
[SourceQuality "1"]

1. d4 Nf6 2. Nf3 b6 3. g3 Bb7 4. Bg2 c5 5. 0-0 cxd4 6. Qxd4 e6 7. c4 Nc6 8. Qd1 Bc5 9. Nc3 0-0 10. e4 d6 11. a3 a5 12. b3 Qe7 13. Qe2 Ng4 14. Na4 Nge5 15. Be3 Nxf3+ 16. Qxf3 Rab8 17. Qe2 Qf6 18. Nxb6 Bxb6 19. Bxb6 Ba6 20. Qe3 1/2-1/2

[Event "San Jose 1000 GM Independence Day 2"]
[Site "San Jose"]
[Date "2024.07.09"]
[Round "3"]
[White "Jimenez Garcia, Emanuel"]
[Black "Shivakumar, Shawnak"]
[Result "1/2-1/2"]
[WhiteElo "2367"]
[BlackElo "2323"]
[PlyCount "57"]
[EventDate "2024.07.08"]
[EventType "tourn"]
[EventRounds "9"]
[EventCountry "USA"]
[EventCategory "6"]
[SourceTitle "CBM 221 Extra"]
[Source "ChessBase"]
[SourceDate "2024.09.30"]
[SourceVersion "1"]
[SourceVersionDate "2024.09.30"]
[SourceQuality "1"]

1. Nf3 d5 2. d4 Nf6 3. c3 Bf5 4. Qb3 Qc8 5. c4 c6 6. Nc3 dxc4 7. Qxc4 b5 8. Qb3 a5 9. Ne5 e6 10. f3 a4 11. Qd1 h6 12. e4 Bh7 13. Be3 a3 14. b3 Bb4 15. Rc1 Qd8 16. Bd3 Qa5 17. Qc2 Nfd7 18. Ng4 h5 19. Nf2 e5 20. 0-0 0-0 21. dxe5 Nxe5 22. Be2 Na6 23. f4 Ng4 24. Bxg4 hxg4 25. f5 Rfe8 26. Ne2 Bxf5 27. exf5 Rxe3 28. Nxg4 Ree8 29. f6 1/2-1/2

[Event "Titled Tuesday intern op 18th Jun Late"]
[Site "Chess.com INT"]
[Date "2024.06.18"]
[Round "3"]
[White "Casadio, Niccolo"]
[Black "Jimenez Garcia, Emanuel"]
[Result "1-0"]
[WhiteElo "2291"]
[BlackElo "2370"]
[PlyCount "103"]
[EventDate "2024.06.18"]
[EventType "swiss (blitz)"]
[EventRounds "11"]
[EventCountry "USA"]
[SourceTitle "EXT 2025"]
[Source "ChessBase"]
[SourceDate "2024.10.14"]
[SourceVersion "1"]
[SourceVersionDate "2024.10.14"]
[SourceQuality "1"]

1. d4 Nf6 2. Bf4 b6 3. e3 Bb7 4. Nf3 g6 5. Nbd2 Bg7 6. Bd3 0-0 7. h3 d6 8. 0-0 Nc6 9. Bh2 Nd7 10. c3 e5 11. d5 Ne7 12. e4 Bh6 13. c4 a5 14. b3 f5 15. a3 Nc5 16. Bc2 Bc8 17. b4 fxe4 18. Nxe4 Nxe4 19. Bxe4 Bf5 20. Qd3 Bf4 21. Rfd1 Bxe4 22. Qxe4 Bxh2+ 23. Kxh2 Rf4 24. Qe3 Nf5 25. Qe2 axb4 26. axb4 Rxa1 27. Rxa1 e4 28. Ne1 Qe8 29. g3 Nd4 30. Qe3 Nf3+ 31. Kh1 Rf8 32. Nxf3 Rxf3 33. Qe2 Qf7 34. Kg2 Qf5 35. Ra8+ Kg7 36. Re8 e3 37. Rxe3 Rxe3 38. Qxe3 b5 39. Qe7+ Kh6 40. Qxc7 Qe4+ 41. Kh2 Qf3 42. Kg1 Qd1+ 43. Kg2 Qd4 44. cxb5 Qxd5+ 45. Kh2 Qd2 46. Kg2 Qd5+ 47. Kg1 Qd1+ 48. Kh2 Qd2 49. Qb6 d5 50. Qe3+ Qxe3 51. fxe3 d4 52. exd4 1-0

[Event "Titled Tuesday intern op 18th Jun Late"]
[Site "Chess.com INT"]
[Date "2024.06.18"]
[Round "6"]
[White "Jimenez Garcia, Emanuel"]
[Black "Lopez del Alamo, Antonio"]
[Result "1-0"]
[WhiteElo "2370"]
[BlackElo "2237"]
[PlyCount "56"]
[EventDate "2024.06.18"]
[EventType "swiss (blitz)"]
[EventRounds "11"]
[EventCountry "USA"]
[SourceTitle "EXT 2025"]
[Source "ChessBase"]
[SourceDate "2024.10.14"]
[SourceVersion "1"]
[SourceVersionDate "2024.10.14"]
[SourceQuality "1"]

1. Nf3 Nf6 2. g3 g6 3. b3 Bg7 4. Bb2 0-0 5. Bg2 d6 6. d4 Nbd7 7. 0-0 c6 8. Nbd2 Qc7 9. e4 a5 10. Re1 a4 11. c4 e5 12. b4 a3 13. Bc3 exd4 14. Nxd4 Re8 15. Qc2 h5 16. Rad1 h4 17. N2b3 Ne5 18. Ba1 h3 19. Bh1 Be6 20. Nxe6 Rxe6 21. c5 Rae8 22. Nd4 dxc5 23. Nxe6 Rxe6 24. bxc5 Neg4 25. f3 Ne5 26. f4 Neg4 27. Bf3 Re8 28. e5 Nxh2 1-0

[Event "Titled Tuesday intern op 18th Jun Late"]
[Site "Chess.com INT"]
[Date "2024.06.18"]
[Round "8"]
[White "Tarhan, Adar"]
[Black "Jimenez Garcia, Emanuel"]
[Result "0-1"]
[WhiteElo "2470"]
[BlackElo "2370"]
[PlyCount "60"]
[EventDate "2024.06.18"]
[EventType "swiss (blitz)"]
[EventRounds "11"]
[EventCountry "USA"]
[SourceTitle "EXT 2025"]
[Source "ChessBase"]
[SourceDate "2024.10.14"]
[SourceVersion "1"]
[SourceVersionDate "2024.10.14"]
[SourceQuality "1"]

1. e4 d6 2. d4 Nf6 3. Nc3 e5 4. dxe5 dxe5 5. Qxd8+ Kxd8 6. Bg5 Be6 7. f4 exf4 8. e5 h6 9. Bxf4 Nh5 10. Be3 Nd7 11. Nf3 Bc5 12. Bxc5 Nxc5 13. 0-0-0+ Ke7 14. Nd5+ Bxd5 15. Rxd5 Ne6 16. g3 Rad8 17. Rb5 b6 18. Be2 g6 19. a4 Nhg7 20. c3 Nf5 21. a5 c6 22. Rb4 b5 23. c4 a6 24. cxb5 cxb5 25. Rd1 Rxd1+ 26. Kxd1 Rd8+ 27. Ke1 Nfd4 28. Kf2 Nc6 29. Rb3 Nc5 30. Rc3 Ne4+ 0-1

[Event "Titled Tuesday intern op 11th Jun Early"]
[Site "Chess.com INT"]
[Date "2024.06.11"]
[Round "7"]
[White "Dwilewicz, Katarzyna"]
[Black "Jimenez Garcia, Emanuel"]
[Result "0-1"]
[WhiteElo "2099"]
[BlackElo "2370"]
[PlyCount "92"]
[EventDate "2024.06.11"]
[EventType "swiss (blitz)"]
[EventRounds "11"]
[EventCountry "USA"]
[SourceTitle "EXT 2025"]
[Source "ChessBase"]
[SourceDate "2024.10.14"]
[SourceVersion "1"]
[SourceVersionDate "2024.10.14"]
[SourceQuality "1"]

1. e4 g6 2. d4 Bg7 3. Nf3 d6 4. Bc4 e6 5. Nc3 Ne7 6. Be3 a6 7. Qd2 h6 8. h4 b5 9. Bb3 Bb7 10. a3 Nd7 11. h5 g5 12. 0-0-0 c5 13. dxc5 dxc5 14. Kb1 Qc7 15. Nxg5 hxg5 16. h6 Rxh6 17. Bxg5 Rxh1 18. Rxh1 c4 19. Ba2 Ng6 20. Rh7 Be5 21. f3 Ndf8 22. Rh1 Bf4 23. Bxf4 Qxf4 24. Qd4 Rd8 25. Qb6 Rd7 26. a4 bxa4 27. Bxc4 Qc7 28. Qb4 Ne5 29. Be2 Nc6 30. Qc5 Qa5 31. Qa3 Qb4 32. Qxb4 Nxb4 33. Nxa4 Rd2 34. Bd1 Rxg2 35. Nc5 Bc8 36. Rh8 Ke7 37. Kc1 Rg1 38. Kd2 Nc6 39. c3 Ne5 40. Be2 a5 41. Ke3 Rb1 42. Na4 Bd7 43. Nc5 Rxb2 44. f4 Neg6 45. Rh1 Nxf4 46. Kf3 Nxe2 0-1

[Event "American Continental Blitz 18th"]
[Site "Medellin"]
[Date "2024.05.29"]
[Round "1"]
[White "Jaramillo Daza, David"]
[Black "Jimenez Garcia, Emanuel"]
[Result "1-0"]
[WhiteElo "1773"]
[BlackElo "2387"]
[PlyCount "69"]
[EventDate "2024.05.29"]
[EventType "swiss (blitz)"]
[EventRounds "9"]
[EventCountry "COL"]
[SourceTitle "CBM 220 Extra"]
[Source "ChessBase"]
[SourceDate "2024.07.31"]
[SourceVersion "1"]
[SourceVersionDate "2024.07.31"]
[SourceQuality "1"]

1. e4 c5 2. Nf3 g6 3. d4 cxd4 4. Nxd4 Bg7 5. Nc3 Nc6 6. Be3 Nf6 7. Nxc6 bxc6 8. e5 Ng8 9. Bd4 Nh6 10. e6 0-0 11. Bxg7 Kxg7 12. Qd4+ f6 13. exd7 Qxd7 14. Qxd7 Bxd7 15. 0-0-0 Rfd8 16. Bc4 Ng4 17. Rd2 Bf5 18. Re2 Ne5 19. Bb3 g5 20. Ne4 Bxe4 21. Rxe4 Rd6 22. g3 g4 23. Ba4 Rad8 24. h3 h5 25. hxg4 hxg4 26. Bb3 Rd4 27. Rxd4 Rxd4 28. Rd1 Re4 29. Be6 a5 30. Bf5 Re2 31. Rf1 Nf3 32. Bxg4 Re1+ 33. Rxe1 Nxe1 34. Kd2 Ng2 35. Bf3 1-0